| 000 | 00642nam a2200193Ia 4500 | ||
|---|---|---|---|
| 008 | 151121s9999||||xx |||||||||||||| ||und|| | ||
| 082 | _a838/ कर्द म | ||
| 082 | _bHNW-70592 | ||
| 100 | _aकर्दम जयप्रकाश | ||
| 245 | _aबौध्द गाभाएं | ||
| 260 | _b"संगीता प्रकाशन , दिल्ली।" | ||
| 260 | _c-- | ||
| 300 | _a45 | ||
| 600 | _aकर्दम जयप्रकाश | ||
| 630 | _aबौध्द गाभाएं | ||
| 700 | _aकर्दम जयप्रकाश | ||
| 730 | _aबौध्द गाभाएं | ||
| 942 | _cBOOK | ||
| 999 |
_c1252066 _d1252063 |
||